00404 2200169 4500001002100000005001500021035002000036007000300056008004100059082000800100084001400108100001900122245002600141260003100167300001200198990002400210INLIS00000000000153820250122100830 a0010-0125000008ta250122 0  a658 a658 JOS d0 aJosephL.Massie1 aDASAR DASAR MANAJEMEN aJakarta :bERLANGGA,c1985 a264 hlm a1264/STITINKA/08/24